Propagation of horticultural crops (Record no. 234310)

000 -LEADER
fixed length control field 01035nam a2200277 a 4500
001 - CONTROL NUMBER
control field 3440895
003 - CONTROL NUMBER IDENTIFIER
control field Nust
005 - DATE AND TIME OF LATEST TRANSACTION
control field 20170317122519.0
008 - FIXED-LENGTH DATA ELEMENTS--GENERAL INFORMATION
fixed length control field 910720s1990 it b i000 0 eng
010 ## - LIBRARY OF CONGRESS CONTROL NUMBER
LC control number 91174226
020 ## - INTERNATIONAL STANDARD BOOK NUMBER
International Standard Book Number 978-81-261-3426-7
040 ## - CATALOGING SOURCE
Original cataloging agency DLC
Transcribing agency ASAB
050 00 - LIBRARY OF CONGRESS CALL NUMBER
Classification number SB126.5
Item number .S65 1990
082 00 - DEWEY DECIMAL CLASSIFICATION NUMBER
Classification number 631.5/85
Edition number 20
245 00 - TITLE STATEMENT
Title Propagation of horticultural crops
246 ## - VARYING FORM OF TITLE
Title proper/short title horticultural crops
260 ## - PUBLICATION, DISTRIBUTION, ETC.
Place of publication, distribution, etc. New Delhi
Name of publisher, distributor, etc. Anmol publications pvt. ltd
Date of publication, distribution, etc. c2008
300 ## - PHYSICAL DESCRIPTION
Extent x, 256 p. ;
Dimensions 30 cm.
490 1# - SERIES STATEMENT
Series statement FAO plant production and protection paper ;
Volume/sequential designation 101
504 ## - BIBLIOGRAPHY, ETC. NOTE
Bibliography, etc. note Includes bibliographical references (p. 174-188).
650 #0 - SUBJECT ADDED ENTRY--TOPICAL TERM
Topical term or geographic name entry element Hydroponics.
710 2# - ADDED ENTRY--CORPORATE NAME
Corporate name or jurisdiction name as entry element Food and Agriculture Organization of the United Nations.
830 #0 - SERIES ADDED ENTRY--UNIFORM TITLE
Uniform title FAO plant production and protection papers ;
Volume/sequential designation 101.
906 ## - LOCAL DATA ELEMENT F, LDF (RLIN)
a 7
b cbc
c orignew
d 3
e ncip
f 19
g y-gencatlg
942 ## - ADDED ENTRY ELEMENTS (KOHA)
Source of classification or shelving scheme
Koha item type Book
Holdings
Withdrawn status Lost status Source of classification or shelving scheme Damaged status Not for loan Collection code Permanent Location Current Location Date acquired Total Checkouts Total Renewals Full call number Barcode Date last seen Date last checked out Price effective from Koha item type
            Central Library (CL) Central Library (CL) 03/17/2017 1 1 631.5 UPA ASAB2094 11/30/2025 09/09/2025 03/17/2017 Book
© 2023 Central Library, National University of Sciences and Technology. All Rights Reserved.